Bukott államok, államkudarc esettanulmányok

Bibliográfiai részletek
Szerző: Martin Szonja Anna
További közreműködők: Budainé Bánka Erika
Gyene Dr. Pál István
Dokumentumtípus: Diplomadolgozat
Kulcsszavak:afganisztán
Állambukás
államkudarc
Dél-Szudán
Irak
Jemen
Szíria
Szomália
Szudán
Online Access:http://dolgozattar.uni-bge.hu/58663

MARC

LEADER 00000nta a2200000 i 4500
001 dolg58663
005 20251027142210.0
008 251027suuuu hu om 000 hun d
040 |a BGE Dolgozattár Repozitórium  |b hun 
041 |a hu 
100 1 |a Martin Szonja Anna 
245 1 0 |a Bukott államok, államkudarc esettanulmányok  |c Martin Szonja Anna  |h [elektronikus dokumentum] 
520 3 |a A szakdolgozat célja a bukott államok jelenségének mélyreható megvizsgálása, különös figyelmet fordítva azokra a politikai, társadalmi, gazdasági és nemzetközi tényezőkre, amelyek egy állam összeomlásához vezethetnek, illetve azokra a lehetőségekre, amelyek a stabilitás újbóli megteremtését szolgálhatják. A téma aktualitását az adja, hogy a bukott államok nemcsak a saját lakosságuk számára jelentenek közvetlen fenyegetést, hanem gyakran regionális és nemzetközi instabilitást is kiválthatnak, például a terrorizmus, a menekültválság, a fegyverkereskedelem vagy a humanitárius katasztrófák révén.A dolgozatban elemzett esettanulmányok – Afganisztán, Szomália, Szudán és Dél-Szudán, Jemen, Irak, Szíria, valamint több közép- és nyugat-afrikai ország – különböző földrajzi és történelmi hátterük ellenére hasonló mintázatokat mutatnak az államkudarc kialakulásában. Az állambukás okai összetettek, és többnyire a belső problémák, mint például a korrupció, etnikai vagy vallási megosztottság vagy az intézmények gyengesége, és a külső hatások, például gyarmati múlt, geopolitikai beavatkozások, gazdasági kizsákmányolás együttállása idézi elő. Az elemzés egyik fő célja az volt, hogy feltárja, hogy milyen jelekből lehet következtetni arra, hogy egy állam a bukás felé sodródik. A tapasztalatok azt mutatják, hogy a politikai legitimáció gyengülése, az állami erőszak monopóliumának elvesztése, valamint az állami közszolgáltatások megszűnése szinte minden vizsgált esetben az állam összeomlásának előrejelzéseként volt jelen.A dolgozat másik alapkérdése az volt, hogy van-e lehetőség a bukott államok újjáépítésére, és ha igen, milyen feltételek mellett. Az elemzések alapján kijelenthető, hogy bár az újjáépítés egy rendkívül nehéz és időigényes folyamat, viszont nem lehetetlen. A nemzetközi közösség szerepe – például az ENSZ, az Afrikai Unió, vagy a NATO közreműködése – fontos szerepet tölthet be, ám ezek az erőfeszítések önmagukban még nem elegendőek. A hosszú távú stabilitás kiépítése és az újjáépítés csak akkor lehetséges, ha az adott állam társadalma is aktív résztvevője a folyamatnak, és a külső segítség hosszú távon, komplex módon – nemcsak katonailag, hanem intézményi, gazdasági és oktatási szinten is – jelen van.A szakdolgozat egyik legfőbb megállapítása, hogy az államkudarc nem egy hirtelen bekövetkező esemény, hanem egy hosszabb ideig húzódó, előjelekben gazdag folyamat, amely során a megelőző intézkedések és az időbeni beavatkozás kulcsfontosságú lehet. A dolgozat hozzájárul ahhoz, hogy jobban megértsük azokat a dinamikákat, amelyek az államok összeomlásához vezetnek, és hogy milyen stratégiai megközelítések lehetnek sikeresek a jövőben a fenntartható állami működés helyreállításában. 
695 |a afganisztán 
695 |a Állambukás 
695 |a államkudarc 
695 |a Dél-Szudán 
695 |a Irak 
695 |a Jemen 
695 |a Szíria 
695 |a Szomália 
695 |a Szudán 
700 1 |a Budainé Bánka Erika  |e ths 
700 1 |a Gyene Dr. Pál István  |e ths 
856 4 0 |u http://dolgozattar.uni-bge.hu/58663/1/Szakdolgozat_Martin%20Szonja%20Anna_DMF5A3.pdf  |z Dokumentum-elérés 
856 4 0 |u http://dolgozattar.uni-bge.hu/58663/2/Martin%20Szonja%20Anna.pdf  |z Dokumentum-elérés 
856 4 0 |u http://dolgozattar.uni-bge.hu/58663/3/Martin%20Szonja.pdf  |z Dokumentum-elérés